どきどき!郷土料理くいず! - Statistics

General Stats
  • This quiz has been taken 11 times
  • The average score is 6 of 15
Answer Stats
Question Answer % Correct
からし蓮根 熊本県
100%
蒜山おこわ 岡山県
70%
ぶり大根 富山県
70%
いちご煮 青森県
60%
にゅうめん 奈良県
50%
鶏飯 鹿児島県
40%
みみ 山梨県
40%
ちゃつ 三重県
40%
つけけんちん 茨城県
30%
石花汁 愛媛県
30%
かしきり 高知県
30%
ふなんこぐい 佐賀県
20%
ちょぼ汁 兵庫県
0%
石垣団子 神奈川県
0%
せいげ 福井県
0%
No matching quizzes found
Score Distribution
Percent of People with Each Score
Percentile by Number Answered
Your Score History
You have not taken this quiz